01085nam a2200229 a 450000100100000000500170001000800410002702000180006804000250008610000320011124501130014326000680025630000200032449000350034470000350037971000550041483000420046995201110051195201110062295201050073399900170083800004002220201002033853.0130802s2007 mx 000 0 spa d a9789703251223 aDO-SdBNPbspacBNPHU1 aJiménez, Guillermo96625610aLa canción de la lluvia y la de los ojos oblicuos /cGuillermo Jiménez ; introducción Antonio Saborit. aMéxico :bUniversidad Nacional Autónoma de México,c2007. a65 p. ;c18 cm.1 aRelato Licenciado Vidrierav451 aSaborit, Antonioeintr.9662572 aUniversidad Nacional Autónoma de México942447 0aRelato Licenciado Vidrierav45966234 001050718MOaGRbGRcCTd2013-08-02iLF1l0o p40022-10r2020-06-25te. 2w2020-06-25y1ZNo se presta 001050718MOaGRbGRcCTd2013-08-02iLF1l0o p40022-20r2020-06-25te. 3w2020-06-25y1ZNo se presta 001050718MOaGRbGRcCTd2013-08-02iLF1l0o p40022-30r2020-06-25w2020-06-25y1ZNo se presta c39512d39512